Numerické riešenie ODE v analýzach vertikálnej dynamiky vozidiel

Uložené v:
Podrobná bibliografia
Hlavný autor: Mázik, Marek, 1990- (Autor)
Ďalší autori: Hók, Vendelín, 1981- (Vedúci práce)
Médium: Rukopis Kniha
Jazyk:Slovak
Vydavateľské údaje: Bratislava : STU v Bratislave SjF, 2012
Predmet:
On-line prístup:VAIS
Tagy: Pridať tag
Žiadne tagy, Buďte prvý, kto otaguje tento záznam!

MARC

LEADER 00000ntm a22000003a 4500
001 stu264223
005 20150617230222.7
008 130313s2012----xo------------------slo-d
040 |a STU  |b slo 
041 0 |a slo 
044 |a xo 
100 1 |a Mázik, Marek,  |d 1990-  |4 aut  |u J  |T SjF Strojnícka fakulta  |X 68476  |U J  |Y 20  |7 A000068476 
242 0 0 |a Numerical solution of ordinary differential equations (ODEs) in the analysis of vertical dynamics of vehicles  |y eng 
245 1 |a Numerické riešenie ODE v analýzach vertikálnej dynamiky vozidiel 
260 |a Bratislava :  |b STU v Bratislave SjF,  |c 2012 
650 7 |a aplikovaná mechanika a mechatronika  |2 stusub 
650 7 |a Applied Mechanics and Mechatronics  |2 estusub 
650 7 |a accuracy  |2 estusub 
650 7 |a vibration  |2 estusub 
650 7 |a kmitanie  |2 stusub 
700 1 |a Hók, Vendelín,  |d 1981-  |4 ths  |u J0010  |U SjF Strojnícka fakulta  |T SjF Ústav aplikovanej mechaniky a mechatroniky  |X 10342  |U J0010  |Y 801  |7 A000010342 
856 4 |a info a plný text  |u http://is.stuba.sk/zp/portal_zp.pl?podrobnosti=89350  |3 VAIS